000 00336nam a22001457a 4500
008 250325b |||||||| |||| 00| 0 eng d
020 _a9780385524926
050 _aPS3554
_b.D45
100 _aDELINSKY, Barbara
245 _a While my Sister Sleeps
250 _a1st
260 _aNew York
_bNIL
_c2009
300 _a319p.
942 _cBK
999 _c2665
_d2665